Flag to continent speedrun #1 - Statistics

General Stats
  • This quiz has been taken 39 times
  • The average score is 24 of 40
Answer Stats
Question Tile Select % Correct
Africa No
92%
Africa No
92%
Africa No
92%
Africa Yes
92%
Europe Yes
92%
Europe No
92%
Europe No
92%
Europe No
92%
Africa No
92%
Africa No
88%
Africa No
88%
Asia No
88%
America No
83%
America No
83%
Africa Yes
83%
Asia No
83%
Asia No
83%
America No
79%
Asia Yes
79%
America Yes
71%
Europe No
63%
Europe No
58%
Europe Yes
50%
Europe No
50%
Oceania No
50%
Oceania No
50%
Oceania No
46%
Oceania Yes
46%
America Yes
29%
America No
29%
America No
29%
America No
29%
Asia Yes
25%
Asia No
25%
Asia No
25%
Asia No
25%
Oceania No
8%
Oceania No
8%
Oceania No
8%
Oceania Yes
8%
No matching quizzes found
Score Distribution
Percent of People with Each Score
Percentile by Number Answered
Your Score History
You have not taken this quiz